000
00322nam a22001337a 4500
008
180904b xxu||||| |||| 00| 0 eng d
020
_a
9780072969108
041
_a
eng
080
_2
3 ED
_a
510
100
_a
37
101
_a
MAT
245
_a
Prealgebra Mathematics For a Variable World
_c
Bach.D.J
942
_2
udc
_c
BK
999
_c
47494
_d
47494